000 00471nam a2200169Ia 4500
008 151213s9999 xx 000 0 und d
020 _a984-643-155-9
100 _aSadruddin AhmedSadruddin Ahmed
245 _aLearning English The Easy Way
_cSadruddin AhmedSadruddin Ahmed
250 _a8th
260 _aDhaka
_bFriends Book Corner
_c2010
300 _a8951 p.
650 _aEnglish
650 _aEnglish
700 _aSadruddin AhmedSadruddin Ahmed
999 _c4680
_d4680